[Event "North American-ch U20"]
[Site "Dulles"]
[Date "2023.12.22"]
[Round "8"]
[White "Diaz Guerrero, Jesus Daniel"]
[Black "Willy, Stephen"]
[Result "1/2-1/2"]
[WhiteElo "1827"]
[BlackElo "2080"]
[PlyCount "30"]
[EventDate "2023.12.19"]
[EventType "swiss"]
[EventRounds "9"]
[EventCountry "USA"]
[SourceTitle "CB52_2023"]
[SourceDate "2023.12.27"]
[SourceVersion "1"]
[SourceVersionDate "2023.12.27"]
[SourceQuality "1"]

1. e4 d5 2. exd5 Nf6 3. Bb5+ Bd7 4. Be2 Bf5 5. Bb5+ Nbd7 6. Nc3 a6 7. Ba4 e6 8. dxe6 fxe6 9. Nf3 c5 10. d3 Bd6 11. Qe2 0-0 12. Bg5 Kh8 13. h3 Qc7 14. Bxd7 Nxd7 15. Ne4 c4 1/2-1/2

[Event "North American-ch U20"]
[Site "Mexico City"]
[Date "2022.12.03"]
[Round "4"]
[White "Lopez Padilla, Piero Raul"]
[Black "Diaz Guerrero, Jesus Daniel"]
[Result "1/2-1/2"]
[WhiteElo "2018"]
[BlackElo "1563"]
[PlyCount "52"]
[EventDate "2022.12.02"]
[EventType "swiss"]
[EventRounds "9"]
[EventCountry "MEX"]
[SourceTitle "CBM 211 Extra"]
[Source "ChessBase"]
[SourceDate "2023.01.31"]
[SourceVersion "1"]
[SourceVersionDate "2023.01.31"]
[SourceQuality "1"]

1. d4 Nf6 2. Nf3 d5 3. c4 e6 4. g3 dxc4 5. Bg2 Be7 6. 0-0 0-0 7. Qc2 Bd7 8. Ne5 Nc6 9. Nxd7 Qxd7 10. e3 b5 11. Bd2 Nd5 12. a3 Rab8 13. Rc1 Nb6 14. Be1 Nd8 15. b3 Nb7 16. bxc4 Nxc4 17. a4 a6 18. axb5 axb5 19. Nd2 Nbd6 20. Bf1 Nxd2 21. Bxd2 Rfc8 22. Rab1 c6 23. Bb4 Nf5 24. Bd3 Bxb4 25. Rxb4 g6 26. Be4 Ne7 1/2-1/2